00770 2200289 4500001002100000005001500021035002000036007000300056040001700059100001400076245009000090300002700180020001400207041000800221082000600229084001200235090002100247264003200268336002100300337003000321338002300351650002100374850001000395008004100405110001200446990002200458INLIS00000000000483220260518030757 a0010-0122000464ta aSBPUPADbind0 ePengarang1 aPadang dalam Angka :bPadang In Figures Tahun Seribu Sembilan Ratus Sembilan Sembilan axiv, 413 hal. ;c21 cm a0215-37890 aind aR aR BAP p a641.3 IKE r 20-7 a.--Padang :bBAPPEDA,c2000 2rdacontentaTeks 2rdamediaaTanpa Perantara 2rdacarrieravolume 4aStatistik Padang aPUPAD260518 0 1 aBappeda a21109/S/KAPD/2015